Normal view
MARC view
- Strong, A .Brent .Dr
Entry Personal Name
001 - CONTROL NUMBER
- control field: 60933
003 - CONTROL NUMBER IDENTIFIER
- control field: NUST
005 - DATE AND TIME OF LATEST TRANSACTION
- control field: 20210628202643.0
008 - FIXED-LENGTH DATA ELEMENTS
- fixed length control field: 210628|| aca||aabn | a|a d
040 ## - CATALOGING SOURCE
- Original cataloging agency: NUST
- Transcribing agency: NUST
100 ## - HEADING--PERSONAL NAME
- Personal name: Strong, A .Brent .Dr
670 ## - SOURCE DATA FOUND
- Source citation: Work cat.: (NUST): Strong, A .Brent .Dr, Fundamentals of composite manufacturing ,materials ,methods and applications, 1989
